Normal view
MARC view
Entry Topical Term
001 - CONTROL NUMBER
- control field: 38277
003 - CONTROL NUMBER IDENTIFIER
- control field: dpl
005 - DATE AND TIME OF LATEST TRANSACTION
- control field: 20120105101133.0
008 - FIXED-LENGTH DATA ELEMENTS
- fixed length control field: 120105|||a|||||| | ||| d
040 ## - CATALOGING SOURCE
- Original cataloging agency: dpl
- Transcribing agency: dpl
150 ## - HEADING--TOPICAL TERM
- Topical term or geographic name as entry element: Education
- Geographic subdivision: India
- General subdivision: Social aspects
- General subdivision: History
670 ## - SOURCE DATA FOUND
- Source citation: Work cat.: (dpl)58864: 1951- 38275, The 1857 rebellion /, 2011
670 ## - SOURCE DATA FOUND
- Source citation: Work cat.: (dpl)58864: 1951- 38275, The 1857 rebellion /, 2011
